<?xml version="1.0" encoding="UTF-8"?>
<record
    xmlns:xsi="http://www.w3.org/2001/XMLSchema-instance"
    xsi:schemaLocation="http://www.loc.gov/MARC21/slim http://www.loc.gov/standards/marcxml/schema/MARC21slim.xsd"
    xmlns="http://www.loc.gov/MARC21/slim">

  <leader>01003nam a22002297a 4500</leader>
  <controlfield tag="005">20240530110540.0</controlfield>
  <controlfield tag="008">160507s2013    ua a   g b    000 1 ara d</controlfield>
  <datafield tag="017" ind1=" " ind2=" ">
    <subfield code="a">2013/14456</subfield>
    <subfield code="b">&#x645;&#x635;&#x631; . &#x62F;&#x627;&#x631; &#x627;&#x644;&#x643;&#x62A;&#x628; &#x627;&#x644;&#x645;&#x635;&#x631;&#x64A;&#x629;</subfield>
  </datafield>
  <datafield tag="020" ind1=" " ind2=" ">
    <subfield code="a">9789774484933</subfield>
  </datafield>
  <datafield tag="040" ind1=" " ind2=" ">
    <subfield code="a">EG-CaGPL</subfield>
  </datafield>
  <datafield tag="082" ind1="0" ind2="4">
    <subfield code="2">21</subfield>
    <subfield code="a">892.4309\</subfield>
    <subfield code="b">&#x645; &#x62A;</subfield>
  </datafield>
  <datafield tag="100" ind1="0" ind2=" ">
    <subfield code="a">&#x645;&#x62D;&#x645;&#x62F; &#x639;&#x628;&#x648;&#x62F; .</subfield>
  </datafield>
  <datafield tag="245" ind1="1" ind2="2">
    <subfield code="a">&#x627;&#x644;&#x62A;&#x645;&#x631;&#x62F; &#x639;&#x644;&#x649; &#x627;&#x644;&#x635;&#x647;&#x64A;&#x648;&#x646;&#x64A;&#x629; &#x641;&#x649; &#x627;&#x644;&#x627;&#x62F;&#x628; &#x627;&#x644;&#x627;&#x633;&#x631;&#x627;&#x626;&#x64A;&#x644;&#x649; &#x627;&#x644;&#x645;&#x639;&#x627;&#x635;&#x631; :</subfield>
    <subfield code="b">&#x62F;&#x631;&#x627;&#x633;&#x629; &#x628;&#x646;&#x64A;&#x648;&#x64A;&#x629; &#x644;&#x644;&#x642;&#x635;&#x635; &#x627;&#x644;&#x642;&#x635;&#x64A;&#x631;&#x629; &#x627;&#x644;&#x641;&#x627;&#x626;&#x632;&#x629; &#x628;&#x62C;&#x627;&#x626;&#x632;&#x629; " &#x647;&#x627;&#x622;&#x631;&#x62A;&#x633; " /</subfield>
    <subfield code="c">&#x645;&#x62D;&#x645;&#x62F; &#x639;&#x628;&#x648;&#x62F; .</subfield>
  </datafield>
  <datafield tag="250" ind1=" " ind2=" ">
    <subfield code="a">&#x637;1.</subfield>
  </datafield>
  <datafield tag="260" ind1=" " ind2=" ">
    <subfield code="a">&#x627;&#x644;&#x642;&#x627;&#x647;&#x631;&#x629; :</subfield>
    <subfield code="b">&#x627;&#x644;&#x647;&#x64A;&#x626;&#x629; &#x627;&#x644;&#x645;&#x635;&#x631;&#x64A;&#x629; &#x627;&#x644;&#x639;&#x627;&#x645;&#x629; &#x644;&#x644;&#x643;&#x62A;&#x627;&#x628; &#x60C;</subfield>
    <subfield code="c">2013 .</subfield>
  </datafield>
  <datafield tag="300" ind1=" " ind2=" ">
    <subfield code="a">441 &#x635; &#x61B;</subfield>
    <subfield code="c">24 &#x633;&#x645; .</subfield>
  </datafield>
  <datafield tag="504" ind1=" " ind2=" ">
    <subfield code="a">&#x64A;&#x634;&#x62A;&#x645;&#x644; &#x639;&#x644;&#x649; &#x627;&#x631;&#x62C;&#x627;&#x639;&#x627;&#x62A; &#x628;&#x628;&#x644;&#x64A;&#x648;&#x62C;&#x631;&#x627;&#x641;&#x64A;&#x629; </subfield>
  </datafield>
  <datafield tag="650" ind1="0" ind2="4">
    <subfield code="a">&#x627;&#x644;&#x627;&#x62F;&#x628; &#x627;&#x644;&#x639;&#x628;&#x631;&#x649;</subfield>
    <subfield code="x">&#x62A;&#x627;&#x631;&#x64A;&#x62E; &#x648; &#x646;&#x642;&#x62F; .</subfield>
  </datafield>
  <datafield tag="650" ind1="0" ind2="4">
    <subfield code="a">&#x627;&#x644;&#x642;&#x635;&#x635; &#x627;&#x644;&#x639;&#x628;&#x631;&#x64A;&#x629;</subfield>
    <subfield code="x">&#x62A;&#x627;&#x631;&#x64A;&#x62E; &#x648; &#x646;&#x642;&#x62F; .</subfield>
  </datafield>
  <datafield tag="942" ind1=" " ind2=" ">
    <subfield code="2">ddc</subfield>
    <subfield code="c">BK</subfield>
  </datafield>
  <datafield tag="999" ind1=" " ind2=" ">
    <subfield code="c">62232</subfield>
    <subfield code="d">62232</subfield>
  </datafield>
  <datafield tag="952" ind1=" " ind2=" ">
    <subfield code="0">0</subfield>
    <subfield code="1">0</subfield>
    <subfield code="4">0</subfield>
    <subfield code="7">0</subfield>
    <subfield code="a">CAI</subfield>
    <subfield code="b">CAI</subfield>
    <subfield code="d">2016-05-07</subfield>
    <subfield code="l">0</subfield>
    <subfield code="o">892.4309\ &#x645; &#x62A;</subfield>
    <subfield code="p">161894</subfield>
    <subfield code="r">2016-05-07 00:00:00</subfield>
    <subfield code="w">2016-05-07</subfield>
    <subfield code="y">BK</subfield>
  </datafield>
</record>
